[Event "Jan Macieja Memorial"]
[Site "Warsaw POL"]
[Date "2023.07.10"]
[Round "8.14"]
[White "Sengupta, Deep"]
[Black "Chmiel, Marcin"]
[Result "1-0"]
[WhiteElo "2361"]
[BlackElo "2084"]
[EventDate "2023.07.10"]
[PlyCount "87"]

1.e4 e5 2.Nf3 Nc6 3.Nc3 Nf6 4.Bb5 Nd4 5.O-O Nxb5 6.Nxb5 c6 7.Nc3 d6 8.d4 exd4 
9.Nxd4 Be7 10.h3 O-O 11.Bf4 Re8 12.Qd2 Nd7 13.Nf5 Ne5 14.Nxe7+ Qxe7 15.Rad1 Be6 
16.b3 Rad8 17.Qe3 b6 18.Bg3 f5 19.Rfe1 fxe4 20.Nxe4 Nf7 21.Qf4 d5 22.Bh4 Qd7 
23.Bxd8 Rxd8 24.Ng5 Nxg5 25.Qxg5 Rf8 26.Re5 Rf6 27.Rde1 h6 28.Qe3 Kf7 29.c3 c5 
30.h4 d4 31.cxd4 cxd4 32.Qd3 Bf5 33.Qc4+ Be6 34.Qb4 d3 35.Qd2 Kg8 36.h5 Bf5 
37.R1e3 Qd4 38.Re8+ Kh7 39.Rf3 Be4 40.Rxf6 gxf6 41.Re7+ Kg8 42.Qxh6 f5 43.Re8+ 
Kf7 44.Qf8# 1-0

[Event "Jan Macieja Memorial"]
[Site "Warsaw POL"]
[Date "2023.07.10"]
[Round "8.15"]
[White "Pacan-milej, Kosma"]
[Black "Mulawa, Cyprian"]
[Result "1-0"]
[WhiteElo "2302"]
[BlackElo "2081"]
[EventDate "2023.07.10"]
[PlyCount "47"]

1.d4 d5 2.c4 c6 3.Nc3 Nf6 4.e3 e6 5.Nf3 Nbd7 6.Be2 Bd6 7.O-O O-O 8.b3 Qe7 9.Bb2 
b6 10.a4 a5 11.Qc2 Bb7 12.Rfd1 Rfe8 13.Rac1 Rac8 14.h3 e5 15.dxe5 Nxe5 16.cxd5 
cxd5 17.Qf5 Nxf3+ 18.Bxf3 Be5 19.Nxd5 Bxd5 20.Bxe5 Rxc1 21.Rxc1 Bxb3 22.Bxf6 
Qxf6 23.Qb5 Qe6 24.Bg4 1-0

[Event "Jan Macieja Memorial"]
[Site "Warsaw POL"]
[Date "2023.07.10"]
[Round "8.16"]
[White "Minald, Andrey"]
[Black "Cukrowski, Filip"]
[Result "1-0"]
[WhiteElo "2155"]
[BlackElo "2258"]
[EventDate "2023.07.10"]
[PlyCount "107"]

1.c4 Nf6 2.Nf3 e6 3.g3 d5 4.Bg2 c5 5.O-O Nc6 6.cxd5 exd5 7.d4 cxd4 8.Nxd4 Bc5 
9.Nb3 Bb6 10.Bg5 d4 11.N1d2 h6 12.Bxf6 Qxf6 13.Nc4 O-O 14.Nxb6 axb6 15.Bxc6 
bxc6 16.Qxd4 Qe6 17.Qxb6 Qxe2 18.Nd4 Qg4 19.Nxc6 Ra6 20.Ne7+ Kh8 21.Qb5 Qd7 
22.Qxd7 Bxd7 23.Nd5 Be6 24.Nc3 Rb8 25.b3 Rc8 26.Ne2 Rc2 27.Nd4 Rcxa2 28.Rxa2 
Rxa2 29.Nxe6 fxe6 30.Rb1 Ra5 31.b4 Rb5 32.Kf1 Kg8 33.Ke2 Kf7 34.Kd3 Ke7 35.Kc4 
Rb8 36.b5 Kd6 37.b6 Kc6 38.Kd4 Kb7 39.Ke5 Rc8 40.Kxe6 Rc2 41.f4 Rxh2 42.Rb3 h5 
43.Kf7 h4 44.gxh4 Rxh4 45.Rf3 Rg4 46.f5 Kxb6 47.Rc3 Rg5 48.Ke6 Rg2 49.Rc8 Kb7 
50.Rc3 Kb6 51.Rc8 Kb7 52.Rg8 Kc7 53.Kf7 Rg5 54.Rxg7 1-0

[Event "Jan Macieja Memorial"]
[Site "Warsaw POL"]
[Date "2023.07.10"]
[Round "8.17"]
[White "Orzech, Dominik"]
[Black "Bazilius, Augustinas"]
[Result "1-0"]
[WhiteElo "2256"]
[BlackElo "2050"]
[EventDate "2023.07.10"]
[PlyCount "29"]

1.d4 Nf6 2.Nf3 g6 3.c4 Bg7 4.g3 d5 5.cxd5 Nxd5 6.Bg2 O-O 7.O-O Nc6 8.Nc3 Nb6 
9.d5 Na5 10.Qc2 c6 11.dxc6 Nxc6 12.Rd1 Bd7 13.Qe4 Qc8 14.Qh4 Nc4 15.Qxc4 1-0

[Event "Jan Macieja Memorial"]
[Site "Warsaw POL"]
[Date "2023.07.10"]
[Round "8.18"]
[White "Kaliszuk, Kamil"]
[Black "Koziorowicz, Michal"]
[Result "0-1"]
[WhiteElo "2134"]
[BlackElo "2253"]
[EventDate "2023.07.10"]
[PlyCount "100"]

1.e4 c5 2.Nf3 d6 3.Bb5+ Bd7 4.Bxd7+ Qxd7 5.O-O Nc6 6.c3 d5 7.e5 e6 8.d4 Nge7 
9.dxc5 Ng6 10.b4 a5 11.Qe1 Qc7 12.Na3 Ncxe5 13.Nxe5 Qxe5 14.Qxe5 Nxe5 15.Nb5 
Kd7 16.a3 Nc4 17.a4 g6 18.Nd4 Bg7 19.b5 Rhc8 20.c6+ bxc6 21.bxc6+ Kc7 22.Bf4+ 
e5 23.Bg3 h5 24.h4 Nd6 25.Nb5+ Kxc6 26.Rfe1 Ne4 27.Bh2 f6 28.Rac1 Nc5 29.Ra1 
Rcb8 30.f4 Nd3 31.fxe5 fxe5 32.Rf1 Rf8 33.Rfd1 e4 34.Ra2 Rf5 35.Rc2 Raf8 36.Bg3 
Kc5 37.Bd6+ Kc4 38.Ba3 Be5 39.Bxf8 Rxf8 40.Na3+ Kb3 41.Ra1 Bxc3 42.Rb1+ Bb2 
43.Rc6 Kxa3 44.Rxg6 Bd4+ 45.Kh2 Rf2 46.Rg5 Nf4 47.Rd1 Bc5 48.Kh1 e3 49.g3 e2 
50.Ra1+ Kb2 0-1

[Event "Jan Macieja Memorial"]
[Site "Warsaw POL"]
[Date "2023.07.10"]
[Round "8.19"]
[White "Golecki, Jan"]
[Black "Mickiewicz, Piotr"]
[Result "1-0"]
[WhiteElo "2122"]
[BlackElo "2224"]
[EventDate "2023.07.10"]
[PlyCount "73"]

1.e4 c5 2.Nf3 e6 3.d4 cxd4 4.Nxd4 Nf6 5.Nc3 d6 6.Be2 a6 7.O-O Qc7 8.Be3 b5 9.a3 
Bb7 10.Qd3 Nbd7 11.f3 Be7 12.Rac1 Ne5 13.Qd2 Nc4 14.Bxc4 Qxc4 15.b3 Qc7 16.a4 
bxa4 17.Nxa4 O-O 18.c4 Nd7 19.Rfd1 Rfd8 20.Bf4 Nc5 21.Nxc5 Qxc5 22.b4 Qb6 
23.Be3 Qc7 24.Nb3 Rac8 25.Qf2 Qb8 26.Bb6 Re8 27.Na5 Ba8 28.Rb1 d5 29.cxd5 exd5 
30.exd5 Bd6 31.g3 Rc3 32.Bd4 Rcc8 33.Bc5 Qc7 34.Nb3 Re5 35.Rbc1 Rxd5 36.Bxd6 
Rxd6 37.Rxd6 1-0

[Event "Jan Macieja Memorial"]
[Site "Warsaw POL"]
[Date "2023.07.10"]
[Round "8.20"]
[White "Chomczyk, Marek"]
[Black "Kotowicz, Kamil"]
[Result "0-1"]
[WhiteElo "2217"]
[BlackElo "1726"]
[EventDate "2023.07.10"]
[PlyCount "102"]

1.c4 e6 2.g3 d5 3.Bg2 c5 4.Nf3 Nc6 5.cxd5 exd5 6.d4 Be6 7.O-O Nf6 8.Nc3 Be7 
9.dxc5 Bxc5 10.a3 O-O 11.b4 Be7 12.Bb2 a6 13.Nd4 Rc8 14.Nxe6 fxe6 15.Bh3 Qd6 
16.e3 Rcd8 17.Qb3 Ne5 18.Rad1 Nc4 19.Ba1 Kh8 20.e4 b5 21.exd5 exd5 22.a4 Qxb4 
23.Qxb4 Bxb4 24.axb5 Bxc3 25.Bxc3 axb5 26.Rb1 Ne4 27.Bd4 Ned2 28.Rxb5 Nxf1 
29.Rb7 Rg8 30.Kxf1 Nd6 31.Rb4 h6 32.Kg2 Rgf8 33.Bc5 Rf6 34.Rd4 Ne4 35.Rxe4 dxe4 
36.Be3 Rdf8 37.Bg4 g5 38.Bd1 Kg8 39.Bc2 Re8 40.Bb3+ Kf8 41.Bc5+ Kg7 42.Bd4 Kg6 
43.Bc2 Rd6 44.Be3 Kf6 45.h4 gxh4 46.gxh4 Rg8+ 47.Kf1 h5 48.Ke2 Rg4 49.Bc5 Rc6 
50.Bd4+ Ke7 51.Be3 Rxc2+ 0-1

[Event "Jan Macieja Memorial"]
[Site "Warsaw POL"]
[Date "2023.07.10"]
[Round "8.21"]
[White "Majek, Kacper"]
[Black "Kopczynski, Michal"]
[Result "0-1"]
[WhiteElo "1950"]
[BlackElo "2210"]
[EventDate "2023.07.10"]
[PlyCount "113"]

1.e4 b6 2.d4 Bb7 3.Bd3 e6 4.Nf3 Nf6 5.Qe2 d5 6.e5 Nfd7 7.O-O c5 8.c3 Nc6 9.Bg5 
Qc7 10.Na3 a6 11.Rac1 h6 12.Bd2 c4 13.Bb1 Bxa3 14.bxa3 b5 15.a4 Nb6 16.Bc2 Nxa4 
17.Bxa4 bxa4 18.Rb1 O-O 19.Nh4 f5 20.exf6 Rxf6 21.f4 Raf8 22.g3 Qf7 23.Kg2 Bc8 
24.Nf3 Qh5 25.Rb6 e5 26.dxe5 Bh3+ 27.Kg1 Bxf1 28.Kxf1 Qh3+ 29.Ke1 Nd4 30.Nxd4 
Rxb6 31.Kd1 Rfb8 32.e6 Rb2 33.e7 Qd7 34.Qe5 Qg4+ 35.Ke1 Rb1+ 36.Kf2 Re8 
37.Qxd5+ Kh8 38.Qf7 Qd7 39.Qf8+ Kh7 40.Qf5+ Qxf5 41.Nxf5 Rb2 42.Ke2 g6 43.Nd6 
Rxe7+ 44.Kd1 Rd7 45.Ne4 Rxa2 46.Kc1 Rdxd2 47.Nxd2 Ra1+ 48.Kb2 Rh1 49.Nxc4 Rxh2+ 
50.Ka3 Rg2 51.Kxa4 Rxg3 52.Kb4 h5 53.Ne5 h4 54.Nd7 h3 55.Nf6+ Kg7 56.Ne4 Rg4 
57.Nf2 0-1

[Event "Jan Macieja Memorial"]
[Site "Warsaw POL"]
[Date "2023.07.10"]
[Round "8.22"]
[White "Kokoszczynski, Jan"]
[Black "Kowalski, Witold"]
[Result "1-0"]
[WhiteElo "2198"]
[BlackElo "1466"]
[EventDate "2023.07.10"]
[PlyCount "61"]

1.d4 d5 2.c4 c6 3.cxd5 cxd5 4.Bf4 Nf6 5.e3 Nc6 6.Nc3 a6 7.Bd3 e6 8.Rc1 Bd6 
9.Bxd6 Qxd6 10.f4 Bd7 11.Nf3 O-O 12.O-O Rac8 13.Ne5 Rfd8 14.Qf3 Qe7 15.g4 Be8 
16.Qh3 g6 17.g5 Nh5 18.Be2 Nxe5 19.dxe5 Ng7 20.Bd3 d4 21.Ne4 Nh5 22.Be2 Bc6 
23.Rxc6 Rxc6 24.Bxh5 Qb4 25.Nf6+ Kf8 26.Bf3 Rc2 27.Rd1 Rd2 28.Rc1 Qxb2 29.Qh6+ 
Ke7 30.Rc7+ Rd7 31.Rxd7# 1-0

[Event "Jan Macieja Memorial"]
[Site "Warsaw POL"]
[Date "2023.07.10"]
[Round "8.23"]
[White "Jedrusik, Adam"]
[Black "Ladan, Nicholas"]
[Result "1-0"]
[WhiteElo "2023"]
[BlackElo "2162"]
[EventDate "2023.07.10"]
[PlyCount "171"]

1.d4 b6 2.e4 Bb7 3.Bd3 f5 4.exf5 Bxg2 5.Qh5+ g6 6.fxg6 Bg7 7.gxh7+ Kf8 
8.hxg8=Q+ Kxg8 9.Qg4 Bxh1 10.Ne2 Nc6 11.Ng3 Rxh2 12.Nf5 Qf8 13.Bh6 Rg2 14.Qh4 
Rg1+ 15.Kd2 Qf6 16.Qh2 Rg2 17.Qxh1 Rxf2+ 18.Kd1 Rxf5 19.Bxg7 Kxg7 20.Bxf5 Qxf5 
21.Nc3 Rf8 22.Qg2+ Kh6 23.Qh2+ Qh5+ 24.Qxh5+ Kxh5 25.Kd2 Rf2+ 26.Ke3 Rxc2 
27.Nd5 e6 28.Nxc7 Nxd4 29.Kxd4 Rxc7 30.Kd3 Kg5 31.Rf1 Rc5 32.Rf7 Rd5+ 33.Ke3 
Kg6 34.Re7 Kf6 35.Re8 Ke5 36.Ra8 a5 37.Rb8 Rb5 38.b3 Kd6 39.Kd4 Rd5+ 40.Kc3 Kc7 
41.Rh8 Rg5 42.Rh7 Kc6 43.a3 Rg3+ 44.Kc2 d5 45.Rh6 Kd6 46.Rh8 e5 47.Rd8+ Kc5 
48.Rc8+ Kd4 49.Rb8 Rg2+ 50.Kb1 e4 51.Rxb6 e3 52.Re6 Kc3 53.Rxe3+ Kd2 54.Re5 d4 
55.Rxa5 d3 56.Kb2 Ke3+ 57.Kc3 Rc2+ 58.Kb4 d2 59.Rd5 Rc1 60.a4 d1=Q 61.Rxd1 Rxd1 
62.Kb5 Kd4 63.a5 Kc3 64.Kb6 Rd6+ 65.Kc5 Ra6 66.Kb5 Rh6 67.a6 Kxb3 68.a7 Rh8 
69.Kb6 Kb4 70.Kb7 Rh7+ 71.Kb8 Kb5 72.a8=Q Kb6 73.Qa1 Rb7+ 74.Kc8 Rc7+ 75.Kd8 
Rc5 76.Qb2+ Rb5 77.Qd4+ Kc6 78.Qc4+ Rc5 79.Qe6+ Kb5 80.Kd7 Kb4 81.Qe4+ Rc4 
82.Qe2 Rd4+ 83.Kc6 Rc4+ 84.Kd5 Rc5+ 85.Kd6 Rc4 86.Qb2+ 1-0

[Event "Jan Macieja Memorial"]
[Site "Warsaw POL"]
[Date "2023.07.10"]
[Round "8.24"]
[White "Tomczak, Jacek"]
[Black "Janeczko, Jakub"]
[Result "1-0"]
[WhiteElo "2562"]
[BlackElo "1991"]
[EventDate "2023.07.10"]
[PlyCount "76"]

1.e4 c5 2.Nf3 Nc6 3.d4 cxd4 4.Nxd4 Nf6 5.Nc3 e6 6.Ndb5 Bc5 7.Bf4 O-O 8.Bc7 Qe7 
9.Bd6 Bxd6 10.Qxd6 Qd8 11.O-O-O a6 12.Nd4 Ne7 13.g4 b5 14.g5 Ne8 15.Qg3 Qa5 
16.Bg2 b4 17.Nb3 Qc7 18.Qxc7 Nxc7 19.Na4 d5 20.Nbc5 Rb8 21.Rhe1 a5 22.c4 bxc3 
23.Nxc3 dxe4 24.Bxe4 Nb5 25.Re3 Nxc3 26.Rxc3 f5 27.Bg2 Kf7 28.f4 Rb4 29.Nd3 Rb6 
30.Rc7 Rd8 31.Ra7 Ba6 32.Ne5+ Ke8 33.Rdd7 Rxd7 34.Nxd7 Rd6 35.Ne5 h6 36.Ra8+ 
Bc8 37.gxh6 gxh6 38.Rxa5 Kd8 1-0

[Event "Jan Macieja Memorial"]
[Site "Warsaw POL"]
[Date "2023.07.10"]
[Round "8.25"]
[White "Socko, Monika"]
[Black "Podgorski, Maciej"]
[Result "1-0"]
[WhiteElo "2326"]
[BlackElo "1945"]
[EventDate "2023.07.10"]
[PlyCount "118"]

1.Nf3 Nf6 2.c4 g6 3.Nc3 Bg7 4.e4 e5 5.Nxe5 O-O 6.Nf3 Re8 7.d3 c6 8.Be2 d5 
9.exd5 cxd5 10.O-O d4 11.Nb5 Nc6 12.Bf4 Bg4 13.Nc7 Rxe2 14.Qxe2 Rc8 15.Nd5 Nxd5 
16.cxd5 Qxd5 17.Qe4 Qb5 18.a4 Qb3 19.Nd2 Qxb2 20.Nc4 Qe2 21.Nd6 Qxe4 22.Nxe4 
Be2 23.Rfc1 Bxd3 24.Nd6 Ra8 25.Nxb7 Nb4 26.Bd2 Nd5 27.Nc5 Bf5 28.f3 Nc3 29.Kf2 
Re8 30.Re1 Rc8 31.Rac1 Rxc5 32.Re8+ Bf8 33.Bh6 Rc8 34.Rxf8+ Rxf8 35.Bxf8 Kxf8 
36.g4 Be6 37.Rc2 Nxa4 38.Rd2 Nc5 39.Rxd4 a5 40.f4 Bxg4 41.Rd5 Ne4+ 42.Ke3 Bf5 
43.Rxa5 Kg7 44.Ra4 Nf6 45.Kf3 Be6 46.Rb4 h5 47.h4 Bd5+ 48.Ke3 Ne8 49.Rb5 Be6 
50.Rb6 Kf6 51.Ke4 Ng7 52.Ra6 Nf5 53.Rb6 Nxh4 54.Ra6 Nf5 55.Rb6 Kg7 56.Rb1 h4 
57.Rh1 Kh6 58.Kf3 Bd5+ 59.Kg4 Bxh1 1-0

[Event "Jan Macieja Memorial"]
[Site "Warsaw POL"]
[Date "2023.07.10"]
[Round "8.26"]
[White "Marcinczyk, Monika"]
[Black "Czerwonski, Aleksander"]
[Result "0-1"]
[WhiteElo "1945"]
[BlackElo "2242"]
[EventDate "2023.07.10"]
[PlyCount "72"]

1.e4 d6 2.d4 Nf6 3.Nc3 g6 4.Nf3 Bg7 5.h3 O-O 6.Be3 a6 7.Be2 b5 8.a3 Bb7 9.Qd3 
Nbd7 10.O-O c5 11.d5 Qc7 12.Bf4 c4 13.Qd2 Nc5 14.Qe3 e5 15.dxe6 Nxe6 16.Bh2 
Rfe8 17.Rad1 Rad8 18.e5 dxe5 19.Bxe5 Qc6 20.Rxd8 Rxd8 21.Rd1 Rxd1+ 22.Bxd1 Nd5 
23.Qe1 Nxc3 24.Qxc3 Qd5 25.Be2 Nf4 26.Bf1 Nxh3+ 27.Kh2 Bxe5+ 28.Qxe5 Qxe5+ 
29.Nxe5 Nxf2 30.Kg3 Ne4+ 31.Kf4 f6 32.Nd7 Kf7 33.b3 cxb3 34.cxb3 Ke7 35.Nb6 Nd2 
36.Bd3 Nxb3 0-1

[Event "Jan Macieja Memorial"]
[Site "Warsaw POL"]
[Date "2023.07.10"]
[Round "8.28"]
[White "Malik, Maciej"]
[Black "Fistek, Dariusz"]
[Result "0-1"]
[WhiteElo "1886"]
[BlackElo "2159"]
[EventDate "2023.07.10"]
[PlyCount "88"]

1.e4 c5 2.d4 cxd4 3.c3 dxc3 4.Nxc3 Nc6 5.Bc4 e6 6.Nf3 d6 7.O-O Nf6 8.Qe2 Be7 
9.Rd1 e5 10.h3 O-O 11.b4 a6 12.a3 h6 13.Be3 Be6 14.Bxe6 fxe6 15.Qa2 Kf7 16.Rac1 
Rc8 17.Rc2 b5 18.Rdc1 Qd7 19.Qb3 Rfd8 20.a4 Qb7 21.axb5 axb5 22.g4 Nd7 23.g5 
hxg5 24.Nxg5+ Bxg5 25.Bxg5 Nd4 26.Qb2 Nf6 27.Kh1 Nxc2 28.Qxc2 Rc4 29.f3 Rdc8 
30.Bd2 d5 31.exd5 exd5 32.Rg1 Ke6 33.Qg6 Rxc3 34.Bxc3 Rxc3 35.Rg5 Re3 36.Qf5+ 
Kd6 37.Rg6 Qd7 38.Qg5 Qxh3+ 39.Kg1 Re1+ 40.Kf2 Qf1+ 41.Kg3 Qg1+ 42.Kh3 Qh1+ 
43.Kg3 Rg1+ 44.Kf2 Rxg5 0-1

[Event "Jan Macieja Memorial"]
[Site "Warsaw POL"]
[Date "2023.07.10"]
[Round "8.30"]
[White "Karut, Kacper"]
[Black "Kultiyasov, Mikhail"]
[Result "0-1"]
[WhiteElo "1796"]
[BlackElo "2104"]
[EventDate "2023.07.10"]
[PlyCount "57"]

1.e4 c5 2.Nf3 e6 3.d4 cxd4 4.Nxd4 a6 5.Bd3 Bc5 6.Nb3 Be7 7.Qe2 d6 8.c4 Nd7 
9.O-O Ne5 10.Bc2 Qc7 11.N1d2 Nf6 12.f4 Ned7 13.Nf3 b6 14.Be3 Bb7 15.Bd4 O-O 
16.e5 Nh5 17.Qe3 g6 18.Rac1 Rac8 19.Bd3 Rfd8 20.g4 Ng7 21.Nbd2 Nc5 22.Bb1 a5 
23.f5 dxe5 24.Bxe5 Bd6 25.fxg6 hxg6 26.Bxd6 Qxd6 27.Rcd1 Qe7 28.Ne5 Rf8 29.Ndf3 0-1

[Event "Jan Macieja Memorial"]
[Site "Warsaw POL"]
[Date "2023.07.10"]
[Round "8.31"]
[White "Kalus, Franciszek"]
[Black "Smetek, Michal"]
[Result "0-1"]
[WhiteElo "1727"]
[BlackElo "2036"]
[EventDate "2023.07.10"]
[PlyCount "74"]

1.d4 Nf6 2.c4 e6 3.Nf3 d5 4.Nc3 c6 5.Bg5 Be7 6.e3 O-O 7.Rc1 Nbd7 8.Qc2 b6 
9.cxd5 exd5 10.Bd3 Bb7 11.O-O h6 12.Bh4 Re8 13.a3 Rc8 14.b4 c5 15.bxc5 bxc5 
16.Bf5 cxd4 17.Nxd4 Ne4 18.Bxe7 Qxe7 19.Qb2 Rb8 20.Nxe4 dxe4 21.Rc7 Ba6 22.Qc1 
Bxf1 23.Rxd7 Qf6 24.Kxf1 g6 25.Bh3 Rec8 26.Rc7 Qa6+ 27.Ke1 Qa5+ 28.Qd2 Qxd2+ 
29.Kxd2 Rxc7 30.g3 Rb2+ 31.Kd1 Rxf2 32.Bg4 Rc3 33.Ke1 Rxh2 34.Be2 Rxe3 35.Kd1 
Rxa3 36.Nc2 Ra2 37.g4 Rxc2 0-1

[Event "Jan Macieja Memorial"]
[Site "Warsaw POL"]
[Date "2023.07.10"]
[Round "8.32"]
[White "Jakubowska, Anna"]
[Black "Krogulski, Maksymilian"]
[Result "0-1"]
[WhiteElo "2001"]
[BlackElo "1750"]
[EventDate "2023.07.10"]
[PlyCount "74"]

1.e4 c5 2.Nc3 e6 3.g3 Nc6 4.Bg2 Nf6 5.d3 Be7 6.Nge2 O-O 7.O-O a6 8.f4 d5 9.e5 
Nd7 10.Kh1 b5 11.g4 f5 12.exf6 Nxf6 13.Ng3 b4 14.Na4 Bb7 15.b3 e5 16.Nf5 g6 
17.Nxe7+ Nxe7 18.fxe5 Nd7 19.Rxf8+ Qxf8 20.Qe2 Re8 21.Bd2 Qg7 22.e6 Qxa1+ 
23.Bf1 Nf8 24.Nxc5 Bc8 25.Bf4 Nc6 26.Qf3 Nxe6 27.Nxe6 Bxe6 28.Bh6 Bf7 29.Kg2 
Qe5 30.Bf4 Qf6 31.g5 Qf5 32.Kg3 Nd4 33.Qf2 Ne6 34.Bh3 Qxf4+ 35.Qxf4 Nxf4 
36.Kxf4 Be6 37.Bg2 Bf7 0-1

[Event "Jan Macieja Memorial"]
[Site "Warsaw POL"]
[Date "2023.07.10"]
[Round "8.33"]
[White "Fiszer, Bartosz"]
[Black "Bury, Milosz"]
[Result "1/2-1/2"]
[WhiteElo "2132"]
[BlackElo "1651"]
[EventDate "2023.07.10"]
[PlyCount "98"]

1.e4 c5 2.Nf3 d6 3.d4 cxd4 4.Nxd4 Nf6 5.Nc3 a6 6.Rg1 e5 7.Nb3 Be6 8.g4 d5 
9.exd5 Nxd5 10.Nxd5 Qxd5 11.Qxd5 Bxd5 12.Be3 Nc6 13.O-O-O O-O-O 14.Bb6 Rd7 
15.Rg3 f6 16.Nc5 Bxc5 17.Bxc5 Re8 18.h3 e4 19.b3 Ne5 20.Re3 Bc6 21.Rxd7 Nxd7 
22.Bd4 b5 23.f3 Kd8 24.fxe4 Rxe4 25.Rxe4 Bxe4 26.c4 bxc4 27.Bxc4 Bb7 28.Be2 Kc7 
29.b4 g6 30.Kd2 Kd6 31.Ke3 Ne5 32.Bc5+ Ke6 33.a4 Nd7 34.Bd4 f5 35.b5 axb5 
36.Bxb5 fxg4 37.hxg4 Ne5 38.Kf4 g5+ 39.Kg3 Kd5 40.Be3 h6 41.a5 Nc4 42.Bxc4+ 
Kxc4 43.Bb6 Kd5 44.Bd8 Ke6 45.Bb6 Ke5 46.Bc5 Kf6 47.Bf8 Kg6 48.Be7 h5 49.gxh5+ 
Kxh5 1/2-1/2

[Event "Jan Macieja Memorial"]
[Site "Warsaw POL"]
[Date "2023.07.10"]
[Round "8.34"]
[White "Backiel, Hubert"]
[Black "Bartel, Michal"]
[Result "0-1"]
[WhiteElo "1823"]
[BlackElo "2282"]
[EventDate "2023.07.10"]
[PlyCount "167"]

1.Nf3 d5 2.b3 Bg4 3.Bb2 Bxf3 4.exf3 Nf6 5.d4 e6 6.Bd3 Bd6 7.O-O Nbd7 8.Nd2 c6 
9.Re1 Qc7 10.g3 h5 11.h4 Bxg3 12.fxg3 Qxg3+ 13.Kf1 Qxh4 14.Qe2 O-O-O 15.Qf2 Qf4 
16.Qe3 Qd6 17.Ke2 h4 18.Rh1 Nh5 19.Nf1 f6 20.Kd2 g5 21.Re1 Nf4 22.Qf2 Rhe8 
23.Kc1 Nf8 24.Kb1 a5 25.Ne3 Nxd3 26.cxd3 Ng6 27.Ng2 Rh8 28.f4 h3 29.f5 hxg2 
30.Rxh8 Nxh8 31.fxe6 Qe7 32.Qxg2 Ng6 33.Qg4 Nf4 34.Qf5 Re8 35.Bc1 Nxe6 36.Rf1 
Kb8 37.Qxf6 Qxf6 38.Rxf6 Nxd4 39.Bxg5 Re1+ 40.Kb2 Re2+ 41.Kb1 Nb5 42.Rf8+ Kc7 
43.Bf6 Na3+ 44.Kc1 Rxa2 45.Bb2 Nb5 46.Kb1 Rxb2+ 47.Kxb2 Kb6 48.Rf7 Nd6 49.Rh7 
Nf5 50.Kc3 Ka6 51.Rh8 Kb5 52.Rh7 b6 53.Rd7 d4+ 54.Kb2 c5 55.Rd8 Ne3 56.Rd7 Nd1+ 
57.Kc2 Nc3 58.Rd8 Kb4 59.Rb8 b5 60.Rb7 Nd5 61.Rb8 Nc3 62.Rb7 a4 63.bxa4 Kxa4 
64.Ra7+ Kb4 65.Rb7 Nd5 66.Rb8 Ne3+ 67.Kd2 Ka4 68.Ra8+ Kb3 69.Rb8 Kb4 70.Rb7 Nd5 
71.Rb8 Ne7 72.Rb7 Nc6 73.Rc7 Na5 74.Kc2 c4 75.Rd7 Nb3 76.Rd8 c3 77.Rd7 Ka4 
78.Ra7+ Na5 79.Rd7 Nc6 80.Kb1 Kb3 81.Rd6 Nb4 82.Rxd4 c2+ 83.Kc1 Na2+ 84.Kd2 0-1

[Event "Jan Macieja Memorial"]
[Site "Warsaw POL"]
[Date "2023.07.10"]
[Round "8.35"]
[White "Sacharewicz, Krzysztof"]
[Black "Kovalevsky, Stanislav"]
[Result "0-1"]
[WhiteElo "1762"]
[BlackElo "2133"]
[EventDate "2023.07.10"]
[PlyCount "70"]

1.d4 Nf6 2.Nf3 d5 3.c4 e6 4.Nc3 Nbd7 5.Bg5 Be7 6.e3 c6 7.Be2 Ne4 8.Bxe7 Qxe7 
9.Nxe4 dxe4 10.Nd2 f5 11.Qc2 e5 12.d5 Nf6 13.dxc6 bxc6 14.f3 exf3 15.Nxf3 O-O 
16.O-O Qc5 17.Rae1 Ng4 18.Bd3 e4 19.Bxe4 fxe4 20.Qxe4 Bf5 21.Qd4 Qxd4 22.exd4 
Bd3 23.h3 Bxf1 24.hxg4 Bxc4 25.Rc1 Bd5 26.Ne5 Kh8 27.a3 Rf4 28.Rd1 a5 29.g3 Re4 
30.Kf2 Rf8+ 31.Kg1 Rb8 32.Rd2 g6 33.Kf2 Rf8+ 34.Kg1 Re1+ 35.Kh2 Rh1# 0-1

[Event "Jan Macieja Memorial"]
[Site "Warsaw POL"]
[Date "2023.07.10"]
[Round "8.36"]
[White "Rogulska, Monika"]
[Black "Zubova, Mariya"]
[Result "0-1"]
[WhiteElo "1741"]
[BlackElo "2116"]
[EventDate "2023.07.10"]
[PlyCount "72"]

1.e4 c5 2.c3 Nf6 3.e5 Nd5 4.d4 cxd4 5.cxd4 Nc6 6.Nf3 d6 7.exd6 e6 8.Nc3 Bxd6 
9.Bc4 Nb6 10.Bb3 O-O 11.O-O e5 12.dxe5 Nxe5 13.Ng5 Bf5 14.Re1 Nd3 15.Rf1 Qb8 
16.h3 Nxc1 17.Rxc1 Bf4 18.Qf3 Bxg5 19.Qxf5 Bxc1 20.Rxc1 Qd6 21.Ne4 Qg6 22.Qf3 
Rac8 23.Rd1 h6 24.Nd6 Rcd8 25.Nxb7 Rxd1+ 26.Qxd1 Re8 27.Qc1 Nd7 28.Qc7 Ne5 
29.Nd6 Rf8 30.f4 Nf3+ 31.Kf2 Nd4 32.Bc4 Qc2+ 33.Kg3 Qg6+ 34.Kf2 Ne6 35.f5 Qf6 
36.Ke3 Nxc7 0-1

[Event "Jan Macieja Memorial"]
[Site "Warsaw POL"]
[Date "2023.07.10"]
[Round "8.37"]
[White "Redzisz, Michal"]
[Black "Pietrzak, Wojciech"]
[Result "1-0"]
[WhiteElo "2103"]
[BlackElo "1816"]
[EventDate "2023.07.10"]
[PlyCount "59"]

1.d4 Nf6 2.c4 c5 3.d5 b5 4.Nf3 g6 5.Qc2 Bg7 6.e4 d6 7.cxb5 a6 8.Nc3 O-O 9.a4 
axb5 10.Bxb5 Ba6 11.O-O Bxb5 12.Nxb5 Na6 13.Bd2 Nd7 14.Bc3 f6 15.Qe2 Ne5 16.Nd2 
Nc7 17.f4 Nxb5 18.Qxb5 Nf7 19.Qe2 Qc7 20.Nc4 Rfb8 21.a5 Rb3 22.Nb6 Rb8 23.Qc4 
Rxc3 24.bxc3 f5 25.exf5 gxf5 26.Rfb1 Nh6 27.h3 Kh8 28.a6 Rxb6 29.Rxb6 Qxb6 
30.a7 1-0

[Event "Jan Macieja Memorial"]
[Site "Warsaw POL"]
[Date "2023.07.10"]
[Round "8.38"]
[White "Siekanska, Zuzanna"]
[Black "Derylo, Kamil"]
[Result "1-0"]
[WhiteElo "1715"]
[BlackElo "2026"]
[EventDate "2023.07.10"]
[PlyCount "55"]

1.d4 d5 2.c4 e6 3.Nc3 c5 4.cxd5 exd5 5.dxc5 d4 6.Na4 Bxc5 7.Nxc5 Qa5+ 8.Bd2 
Qxc5 9.Rc1 Qb6 10.Nf3 Nc6 11.e3 Nf6 12.exd4 Nxd4 13.Nxd4 Qxd4 14.Bb5+ Bd7 
15.Qe2+ Kf8 16.Bxd7 Nxd7 17.O-O h6 18.Bc3 Qb6 19.Rcd1 Nf6 20.Qc4 Kg8 21.Rfe1 
Qc6 22.Qxc6 bxc6 23.Bxf6 gxf6 24.Re7 Kg7 25.Rdd7 Rhe8 26.Rxf7+ Kg6 27.g4 Re4 
28.Rg7# 1-0

[Event "Jan Macieja Memorial"]
[Site "Warsaw POL"]
[Date "2023.07.10"]
[Round "8.40"]
[White "Obukhava, Anastasiya"]
[Black "Sanz, Losada Victoriano"]
[Result "1/2-1/2"]
[WhiteElo "1663"]
[BlackElo "2010"]
[EventDate "2023.07.10"]
[PlyCount "72"]

1.Nf3 Nf6 2.e3 g6 3.b3 Bg7 4.Bb2 O-O 5.d4 d5 6.Be2 Bg4 7.O-O c6 8.h3 Bxf3 
9.Bxf3 Nbd7 10.c4 e6 11.Nc3 Re8 12.Rc1 dxc4 13.bxc4 e5 14.Qb3 Qb6 15.Rfd1 exd4 
16.exd4 Rad8 17.Rc2 c5 18.Na4 Qxb3 19.axb3 b6 20.dxc5 Nxc5 21.Nxc5 Rxd1+ 
22.Bxd1 Re1+ 23.Kh2 Rxd1 24.Na4 Ne4 25.Bxg7 Kxg7 26.f3 Rd2 27.Rc1 Ng5 28.Kg3 
Ne6 29.b4 g5 30.c5 bxc5 31.bxc5 Nf4 32.Kh2 Rxg2+ 33.Kh1 Ra2 34.c6 Ne6 35.Nc5 
Nc7 36.Ne4 f6 1/2-1/2

[Event "Jan Macieja Memorial"]
[Site "Warsaw POL"]
[Date "2023.07.10"]
[Round "8.41"]
[White "Syrkiewicz, Michal"]
[Black "Lewandrowski, Tomasz"]
[Result "1-0"]
[WhiteElo "2009"]
[BlackElo "1797"]
[EventDate "2023.07.10"]
[PlyCount "97"]

1.c4 e5 2.g3 Nf6 3.Bg2 g6 4.Nc3 Bg7 5.e4 O-O 6.Nge2 d6 7.d3 Nc6 8.O-O Nd4 9.h3 
Be6 10.Be3 c5 11.f4 Nh5 12.Kh2 exf4 13.Nxf4 Nxf4 14.Bxf4 Be5 15.Qd2 Qd7 16.Nd5 
Bxd5 17.exd5 Rae8 18.Rae1 a5 19.Bxe5 dxe5 20.Qxa5 Qd6 21.Qd2 f5 22.a3 f4 
23.gxf4 exf4 24.Rxe8 f3+ 25.Kg1 Rxe8 26.Bxf3 Qg3+ 27.Qg2 Nxf3+ 28.Rxf3 Re1+ 
29.Rf1 Qe3+ 30.Qf2 Rxf1+ 31.Kxf1 Qxd3+ 32.Kg2 Qxc4 33.Qd2 Qe4+ 34.Kf2 Qf5+ 
35.Ke1 Qe5+ 36.Kd1 Qd6 37.Kc2 Kg7 38.Qc3+ Kf7 39.Qf3+ Qf6 40.Qxf6+ Kxf6 41.Kc3 
Ke5 42.Kc4 g5 43.Kxc5 b6+ 44.Kc6 h5 45.d6 g4 46.hxg4 h4 47.d7 h3 48.d8=Q h2 
49.Qc7+ 1-0

[Event "Jan Macieja Memorial"]
[Site "Warsaw POL"]
[Date "2023.07.10"]
[Round "8.42"]
[White "Kaszuba, Michal"]
[Black "Sliwicki, Damian"]
[Result "0-1"]
[WhiteElo "1564"]
[BlackElo "2005"]
[EventDate "2023.07.10"]
[PlyCount "62"]

1.d4 Nf6 2.Nf3 e6 3.g3 h5 4.Bg2 d5 5.O-O h4 6.Nxh4 Bd6 7.c4 c6 8.Nc3 Nbd7 9.Bg5 
Qa5 10.Bxf6 Nxf6 11.e4 dxe4 12.Nxe4 Nxe4 13.Bxe4 g5 14.Ng2 f5 15.Bc2 Bd7 16.Re1 
O-O-O 17.a3 f4 18.b4 Qc7 19.d5 exd5 20.cxd5 fxg3 21.fxg3 Qb6+ 22.Ne3 Rde8 
23.Qd3 Bf4 24.gxf4 gxf4 25.dxc6 Rhg8+ 26.Kh1 Bxc6+ 27.Nd5 Rxe1+ 28.Rxe1 Qf2 
29.Qf5+ Kb8 30.Qe4 Bxd5 31.Qxd5 Qxe1# 0-1

[Event "Jan Macieja Memorial"]
[Site "Warsaw POL"]
[Date "2023.07.10"]
[Round "8.43"]
[White "Pires, Emanuel Joao Robarts"]
[Black "Fudala, Dominik"]
[Result "1-0"]
[WhiteElo "2005"]
[BlackElo "1733"]
[EventDate "2023.07.10"]
[PlyCount "97"]

1.c4 e6 2.g3 d5 3.b3 Nf6 4.Bg2 c6 5.e3 g6 6.Bb2 Bg7 7.d3 O-O 8.Ne2 Nbd7 9.O-O 
Re8 10.Nd2 b6 11.cxd5 cxd5 12.Rc1 Bb7 13.Nf3 Rc8 14.Ned4 a6 15.b4 Qe7 16.a3 
Rxc1 17.Qxc1 Rc8 18.Qa1 e5 19.Nb3 Ne8 20.Rc1 Rxc1+ 21.Qxc1 Qd6 22.h4 Qc7 23.Qd1 
f6 24.h5 Nd6 25.hxg6 hxg6 26.Nh4 Kf7 27.Qg4 Nf8 28.Qe2 Ne6 29.Nc1 b5 30.Nb3 Nc8 
31.Bh3 Nf8 32.Nc5 Nb6 33.Qg4 Bc8 34.Qf3 Bxh3 35.Nxa6 Qd7 36.Bxe5 Bg4 37.Qf4 g5 
38.Qd4 fxe5 39.Qxb6 gxh4 40.Nc5 Qe8 41.gxh4 Be6 42.Qb7+ Qe7 43.Qxb5 Qxh4 
44.Qb7+ Kg6 45.Nxe6 Qg4+ 46.Kf1 Qd1+ 47.Kg2 Qg4+ 48.Kf1 Nxe6 49.Qxd5 1-0